00425nmm a2200145Ia 4500008004100000041000800041100001100049245005300060264005500113300001800168650001600186856005100202942000700253999001900260251105s9999||||xx |||||||||||||||||und|| aspa aVV.AA. 0aEl Padre José Kentenich y San Vicente Pallotti a[Santiago de Chile, Chile] :bNueva Patris, c2010 a322 páginas aReligion(s) uhttps://public.digitaliapublishing.com/a/28692 cCF c104361d104361